| 000 | 00590nam a2200169Ia 4500 | ||
|---|---|---|---|
| 008 | 090711s9999 xx 000 0 und d | ||
| 082 | _b78645 | ||
| 100 | _aगोळे प्रकाश | ||
| 245 | _aनिसर्ग आणि माणूुस | ||
| 260 |
_bकॉन्टीनेन्टल प्रकाशन _c1996 |
||
| 300 | _a152 | ||
| 600 | _aगोळे प्रकाश | ||
| 630 | _aनिसर्ग आणि माणूुस | ||
| 700 | _aगोळे प्रकाश | ||
| 730 | _aनिसर्ग आणि माणूुस | ||
| 942 | _cBOOK | ||
| 999 |
_c290608 _d290608 |
||